1830 1862 1755 1782 1936 1112 1383 1245 1173 1812 1536 1378 1667 1274 1721 1000 1193 1548 1256 1185 1441 1878 1742 1147 1440 1227 1413 1154 1317 1436 1349 1588 1297 1489 1465 1746 1974 1730 1747 1631 1837 1162 1463 1329 1747 1818 1200 1637 1541 1052 1801 1912 1422 1489 1519 1355 1978 1606 1836 1221 1700 1677 1444 1399 1439 1990 1250 1014 1543 1841 1623 1418 1714 1041 1960 1131 1300 1560 1122 1729 1410 1802 1620 1332 1319 1224 1368 1542 1666 1632 1846 1284 1572 1891 1804 1255 1338 1875 1873 BCNSPRNW ULIB Ver.6.0+V

เปลี่ยนเป็นภาษาไทย

Change to English
 แสดงรายละเอียดบรรณานุกรม
  กลับหน้าหลัก

Brief Record : Get Marc (ISO 2709) : E-mail record : QR code < ปิดหน้าต่าง
LEADER : 00000nam 2200000uu 4500
001    13399126203
003     ULIB
008    180725s2017||||th 000 0 tha d
020    ^a9780323392457
060    ^aWY159^bN974
245    ^aNursing Key Topics Review:Pediatrics.
260    ^aLouis, Missouri :^bElsevier Limited,^c2017
300    ^a455 pages;^b26 cm
650    ^aNursing^xPediatrics
945    ^p0^l0^i26420
999    ^aกัณชพร จุลอักษร
รายการนี้ยังไม่มีแท็ก
คุณยังไม่ได้ล็อกอิน คุณสามารถมีกิจกรรมร่วมกับเว็บไซต์ได้ แต่ต้องล็อกอินก่อน ::
  ล็อกอิน

รายการสื่อสารสนเทศ

ลำดับที่ ประเภท เลขเรียก/บาร์โค้ด สถานที่ สถานะ
1. วิทยาศาสตร์การแพทย์ และสุขภาพ
วิทยาศาสตร์การแพทย์ และสุขภาพ
WY159 N974 ฉ.1 
  Barcode: 26420
ห้องสมุดวิทยาเขตนครสวรรค์
►หนังสือทั่วไป:l:General Books
บนชั้น

รายการใกล้เคียง
    ชื่อเรื่อง [Nursing Key Topics Review:Pediatrics.]

BibComment


ยังไม่เคยถูกคอมเมนท์

คอมเมนท์ทรัพยากรรายการนี้
  คอมเมนท์: Nursing Key Topi..


 Copyright 2026. Bcnsprnw @Library